000 00534 a2200121 4500
001 ART_60006
005 20260410162022.0
008 260409a
245 1 0 _aUn eslabón más en la protección de la infancia frente a hechos de violencia. Comentario al fallo "Angulo de Losada c/Bolivia" de la corte interamericana de derechos humanos
100 1 _aTerragni, Martiniano
700 1 _aFreedman, Diego
773 0 _tTemas de derecho de familia, sucesiones y bioética
_g- Año 8, N° 2/3 (feb./mar. 2024)
_wREV41029
999 _c33215
_d33215